| 000 | 00344nam a2200145 a 4500 | ||
|---|---|---|---|
| 001 | 3264 | ||
| 003 | CDMR | ||
| 005 | 20130116135242.0 | ||
| 008 | 130130s1973||||||||||||||||||||||||||||d | ||
| 040 |
_aCDMR _bcat _cCDMR |
||
| 100 | 1 |
_aGarroni, Emilio _92363 |
|
| 245 | 1 | 0 | _aProyecto de semiótica |
| 260 |
_aBarcelona _c1973 _bGustavo Gili |
||
| 942 | _cMON | ||
| 999 |
_c3264 _d3264 |
||